Catalog

Record Details

Catalog Search



The long road home  Cover Image Book Book

The long road home / Danielle Steel.

Steel, Danielle. (Author).

Record details

  • ISBN: 9780385319560
  • ISBN: 0385319568
  • ISBN: 0385332858
  • ISBN: 0440224837
  • Physical Description: 397 pages ; 24 cm
  • Publisher: New York : Delacorte Press, ©1998.
Subject: Child abuse > Fiction.
Women authors > Fiction.
New York (N.Y.) > Fiction.
Adult child abuse victims > Fiction.
Genre: Love stories.

Available copies

  • 1 of 1 copy available at scottsboropl.

Holds

  • 0 current holds with 1 total copy.
Show Only Available Copies
Location Call Number / Copy Notes Barcode Shelving Location Status Due Date
scottsboropl F Ste 32269001199283 Storage - Adult Available -

LDR 01044cam a2200325 a 4500
001119560
003SBPL
00520211011201122.0
008970818s1998 nyu 000 1 eng
010 . ‡a 97037444
020 . ‡a9780385319560
020 . ‡a0385319568
020 . ‡a0385332858
020 . ‡a0440224837
035 . ‡a(CONS)119560
035 . ‡a(CPomAG)LMN386790
043 . ‡an-us-ny
05000. ‡aPS3569.T33828 ‡bL56 1998
08200. ‡a813/.54 ‡221
1001 . ‡aSteel, Danielle.
24514. ‡aThe long road home / ‡cDanielle Steel.
260 . ‡aNew York : ‡bDelacorte Press, ‡c©1998.
300 . ‡a397 pages ; ‡c24 cm
336 . ‡atext ‡btxt ‡2rdacontent
337 . ‡aunmediated ‡bn ‡2rdamedia
338 . ‡avolume ‡bnc ‡2rdacarrier
650 0. ‡aChild abuse ‡vFiction.
650 0. ‡aWomen authors ‡vFiction.
651 0. ‡aNew York (N.Y.) ‡vFiction.
650 0. ‡aAdult child abuse victims ‡vFiction.
655 7. ‡aLove stories. ‡2lcgft
901 . ‡a119560 ‡bUnknown ‡c119560 ‡tbiblio

Additional Resources